00389nam a2200121Ia 450000500170000000800410001708200130005824501030007126000590017430000120023365000140024565000080025920240515042953.0240331s9999 xx 000 0 und d bSRIa333 0aSri Lanka's plantations in the 90's :bthe thatched patio special issue,Vol..4 No..3-May/June 1991 aColombobInternational Centre for Ethnic Studiesc1991 a83 p ., aPolitical aLaw